Independent spike models: estimation and validation

Aplikácia "independent spike" modelov na šesť európskych trhov s elektrickou energiou a na dva európske trhy so zemným plynom.

Uložené v:
Podrobná bibliografia
Hlavný autor: Regland, Fredrik
Ďalší autori: Lindström, Erik
Médium: Kapitola
Jazyk:English
Predmet:
Tagy: Pridať tag
Žiadne tagy, Buďte prvý, kto otaguje tento záznam!

MARC

LEADER 00000naa a2200000 4500
001 0152624
005 20231010120102.3
041 0 |a eng 
044 |a CZ 
245 1 0 |a Independent spike models: estimation and validation  |c Fredrik Regland, Erik Lindström 
520 |a Aplikácia "independent spike" modelov na šesť európskych trhov s elektrickou energiou a na dva európske trhy so zemným plynom. 
610 2 0 |a trh finančný 
610 2 0 |a modely ekonometrické 
610 2 0 |a plyn 
610 2 0 |a elektrina 
610 2 0 |a trh energetický 
610 2 0 |a odhady 
100 1 |a Regland, Fredrik 
700 1 |a Lindström, Erik